000 00293nam a2200121Ia 4500
008 191201s2019 xx 000 0 und d
100 _aMODI, J R
245 0 _aWeaving Tablet III Sizing
260 _aN.Delhi
_bThe Textile Association
300 _a20
650 _aB.Tech(TE)
942 _2ddc
_cBK
999 _c3448
_d3448